| 000 | 00489nam a2200181Ia 4500 | ||
|---|---|---|---|
| 003 | OSt | ||
| 005 | 20240506123008.0 | ||
| 008 | 210210b1951 xxu||||| |||| 00| 0 eng d | ||
| 040 | _cAL | ||
| 041 | _akan | ||
| 082 | _a853/575 | ||
| 100 |
_aHANUMANTARAYA KAVANGAL _9162212 _dಹನುಮಂತರಾಯ ಕವ೦ಗಲ್ |
||
| 245 |
_aAkshyambara: _bಅಕ್ಷಯಾಂಬರ |
||
| 260 |
_aGadaga _b- _c1951 |
||
| 690 |
_aKannada Drama _9162213 |
||
| 906 | _a019845 | ||
| 942 |
_2ddc _cBK |
||
| 999 |
_c143995 _d143995 |
||